Market Study to Estimate the Market Share of fully Automatic Wsahing Machine with Special Emphasis on front Loading Washing in Delhi (Record no. 69263)

MARC details
000 -LEADER
fixed length control field 00445nam a2200145Ia 4500
008 - FIXED-LENGTH DATA ELEMENTS--GENERAL INFORMATION
fixed length control field 221007s9999 xx 000 0 und d
041 ## - LANGUAGE CODE
Language code of text/sound track or separate title eng
082 ## - DEWEY DECIMAL CLASSIFICATION NUMBER
Item number KAU
100 ## - MAIN ENTRY--PERSONAL NAME
Personal name Kaul D
9 (RLIN) 102105
245 ## - TITLE STATEMENT
Title Market Study to Estimate the Market Share of fully Automatic Wsahing Machine with Special Emphasis on front Loading Washing in Delhi
260 ## - PUBLICATION, DISTRIBUTION, ETC. (IMPRINT)
Date of publication, distribution, etc. 2001
Name of publisher, distributor, etc. Pune University
Place of publication, distribution, etc. Pune
300 ## - PHYSICAL DESCRIPTION
Extent 95p
520 ## - SUMMARY, ETC.
Summary, etc. Sukhatme P A
906 ## - LOCAL DATA ELEMENT F, LDF (RLIN)
b General
Holdings
Withdrawn status Lost status Damaged status Not for loan Home library Current library Date acquired Vendor Total Checkouts Full call number Barcode Date last seen Bill Date Koha item type Original Barcode
        Smt. Hiraben Nanavati Institute of Management & Research for Women Smt. Hiraben Nanavati Institute of Management & Research for Women 08/10/2007 HNIMR   KAU HIMR-PR-152 07/10/2022 08/10/2007 Project Reports PR0152